Návrh robotizovanej stanice pre montážnu operáciu v spoločnosti Faurecia Automotive Slovakia s.r.o.
Na minha lista:
| Autor principal: | |
|---|---|
| Outros Autores: | |
| Formato: | Manuscrito Livro |
| Idioma: | eslovaco |
| Publicado em: |
2021
|
| Assuntos: | |
| Acesso em linha: | http://is.stuba.sk/zp/portal_zp.pl?podrobnosti=157991 |
| Tags: |
Sem tags, seja o primeiro a adicionar uma tag!
|
MARC
| LEADER | 00000ntm a22000003a 4500 | ||
|---|---|---|---|
| 001 | stuzp84219 | ||
| 003 | SK-STU | ||
| 005 | 20210612212757.4 | ||
| 007 | ta | ||
| 008 | 150427s2015----xo-----f-mn---000-0-slo-d | ||
| 040 | |a STU |b slo | ||
| 041 | 0 | |a slo | |
| 100 | 1 | |a Ištvanec, Štefan |u 063000 |k Z4 |4 aut |U MTF Materiálovotechnologická fakulta |T MTF Ústav výrobných technológií |X 88351 |U M3000 |Y 83 |7 88351 | |
| 242 | 0 | 1 | |a Design of a robotic station for assembly operation in Faurecia Automotive Slovakia s.r.o. |y eng |
| 245 | 1 | 0 | |a Návrh robotizovanej stanice pre montážnu operáciu v spoločnosti Faurecia Automotive Slovakia s.r.o. |
| 260 | |c 2021 | ||
| 650 | 4 | |a Automatizácia |2 slo | |
| 650 | 4 | |a Robotizácia |2 slo | |
| 650 | 4 | |a Priemysel 4.0 |2 slo | |
| 650 | 4 | |a Výrobný proces |2 slo | |
| 650 | 4 | |a Simulácia |2 slo | |
| 650 | 4 | |a Tecnomatix: Process Simula |2 slo | |
| 650 | 4 | |a Montážna stanica |2 slo | |
| 650 | 4 | |a Automotive |2 slo | |
| 650 | 4 | |a Kolaboratívny robot |2 slo | |
| 650 | 4 | |a Industry 4.0 |2 eng | |
| 650 | 4 | |a Simulation |2 eng | |
| 650 | 4 | |a Tecnomatix: Process Simulate |2 eng | |
| 650 | 4 | |a Assembly Station |2 eng | |
| 650 | 4 | |a Collaborative robot |2 eng | |
| 650 | 4 | |a Production process |2 eng | |
| 650 | 4 | |a Automatization, Robotics |2 eng | |
| 700 | 1 | |a Ružarovský, Roman |u 063800 |k Z1 |4 ths |U MTF Ústav výrobných technológií |T MTF Katedra výrobných zariadení a systémov |X 30883 |U M3800 |Y 660 |7 A000030883 | |
| 856 | 4 | |u http://is.stuba.sk/zp/portal_zp.pl?podrobnosti=157991 | |
| 996 | |c M* DP-14552 |l MMSKP |s P |a 0 |w stuzp84219_0001 | ||